| 000 | 00729nac a22002171u 4500 | ||
|---|---|---|---|
| 010 | _a 85642319 | ||
| 022 | 0 | _a0080-8784 | |
| 035 | _a(OCoLC)ocm02252113 | ||
| 082 | 0 |
_a621.38152 _bSEM |
|
| 090 |
_c9108 _d9108 |
||
| 100 | _a20080729 | ||
| 245 | 0 | 0 |
_aSemiconductors and semimetals.Volume 22.Lightwave communications technology/ _cedited by W.T. Tsang _nPart B _pSemiconductor Injection lasers, I |
| 260 |
_aNew York : _bAcademic Press,1985 _c1985 |
||
| 300 |
_a386 p. : _bill. ; _c24 cm. |
||
| 500 | _aDistributer: Al-Ahram | ||
| 511 | _acatalogued by: wessam | ||
| 650 | 0 | _aSemiconductors. | |
| 650 | 0 | _aSemimetals. | |
| 700 | 1 | _aTsang W. T. | |
| 942 |
_cBB _k621.38152SEM |
||
| 999 |
_c9108 _d9108 |
||